Quartier administratif de Paris selon la rue - Statistiques

Statistiques générales
  • Ce quiz a été pris 15 fois
  • Le résultat moyen est 13 sur 80
Statistiques - réponses
Hint Réponse % Correct
Rue Guy Môquet Épinettes
50%
Rue Dupleix Grenelle
50%
Boulevard Pasteur Necker
50%
Rue Blanche Saint-Georges
50%
Rue d'Avron Charonne
38%
Rue de Madrid Europe
38%
Rue Damrémont Grandes-Carrières
38%
Rue de Mouzaïa Amérique
25%
Rue des Couronnes Belleville
25%
Rue Baron le Roy Bercy
25%
Avenue Montaigne Champs-Élysées
25%
Avenue Simon Bolivar Combat
25%
Rue Corvisart Croulebarbe
25%
Rue Duroc École-Militaire
25%
Rue Jean-Pierre Timbaud Folie-Méricourt
25%
Rue du Chevaleret Gare
25%
Avenue de la Bourdonnais Gros-Caillou
25%
Rue de Bourgogne Invalides
25%
Rue Buffon Jardin-des-Plantes
25%
Rue Balard Javel
25%
Rue Monsieur le Prince Odéon
25%
Avenue du Général Leclerc Petit-Montrouge
25%
Rue de Reuilly Picpus
25%
Avenue Corentin Cariou Pont-de-Flandre
25%
Rue de Lancry Porte-Saint-Martin
25%
Rue de Lyon Quinze-Vingts
25%
Rue Bonaparte Saint-Germain-des-Prés
25%
Rue Brancion Saint-Lambert
25%
Rue du Bac Saint-Thomas-d'Aquin
25%
Boulevard Henri IV Arsenal
13%
Rue Michel Ange Auteuil
13%
Avenue Kléber Chaillot
13%
Rue Pajol Chapelle
13%
Rue d'Orsel Clignancourt
13%
Rue Bergère Faubourg-Montmartre
13%
Rue Léon Goutte-d'Or
13%
Rue des Écluses Saint-Martin Hôpital-Saint-Louis
13%
Rue de l'Elysée Madeleine
13%
Rue Bobillot Maison-Blanche
13%
Rue Saint-André-des Arts Monnaie
13%
Boulevard Edgar Quinet Montparnasse
13%
Rue Chanoinesse Notre-Dame
13%
Rue Saint-Placide Notre-Dame-des-Champs
13%
Rue Molière Palais-Royal
13%
Rue des Amandiers Père-Lachaise
13%
Rue du Mont-Thabor Place-Vendôme
13%
Rue de l'Ouest Plaisance
13%
Rue de Paradis Porte-Saint-Denis
13%
Rue de Lappe Roquette
13%
Rue Saint-Sébastien Saint-Ambroise
13%
Rue des Boulets Sainte-Marguerite
13%
Rue Bertin-Poirée Saint-Germain-l'Auxerrois
13%
Rue du Roi de Sicile Saint-Gervais
13%
Rue du Renard Saint-Merri
13%
Rue du Cardinal Lemoine Saint-Victor
13%
Quai d'Austerlitz Salpêtrière
13%
Rue d'Uzès Sentier
13%
Rue Cujas Sorbonne
13%
Avenue Mac-Mahon Ternes
13%
Rue Gay-Lussac Val-de-Grâce
13%
Quai de la Seine Villette
13%
Rue de Béarn Archives
0%
Rue Notre Dame de Nazareth Arts-et-Métiers
0%
Rue des Dames Batignolles
0%
Boulevard Soult Bel-Air
0%
Rue du Caire Bonne-Nouvelle
0%
Rue de Mogador Chaussée-d'Antin
0%
Rue Dupetit-Thouars Enfants-Rouges
0%
Rue de Ponthieu Faubourg-du-Roule
0%
Rue de Choiseul Gaillon
0%
Rue de la Ferronerie Halles
0%
Rue de Passy Muette
0%
Rue Gazan Parc-de-Montsouris
0%
Avenue de Villiers Plaine-de-Monceaux
0%
Rue de Longchamp Porte-Dauphine
0%
Avenue Trudaine Rochechouart
0%
Rue de Montmorency Sainte-Avoye
0%
Rue des Fougères Saint-Fargeau
0%
Rue de l'Aqueduc Saint-Vincent-de-Paul
0%
Rue Saint-Marc Vivienne
0%
Aucun quiz correspondant
Distribution des résultats
% des personnes avec chaque résultat
Percentile par nombre de réponses
Votre historique - résultats
Vous n’avez pas pris ce quiz